000 00382nam a22001337a 4500
005 20151204090644.0
008 151204b xxu||||| |||| 00| 0 eng d
040 _cPK-LaUMT
082 _aMSC 915.3
_bMUS-
245 _aمسافران لندن
_cجوادالدولہ عارف جنگ(مرتب
260 _aلاہور
_bمجلس ترقی ادب
_c2009
300 _a237 ص
942 _cBK
999 _c79495
_d79495